|
|
|
|
| LEADER |
02281nam a2200577 a 4500 |
| 001 |
nkc20132438887 |
| 003 |
CZ PrNK |
| 005 |
20130516141422.0 |
| 007 |
ta |
| 008 |
130128s2012 xr a f 000 0 cze |
| 015 |
|
|
|a cnb002438887
|
| 020 |
|
|
|a 978-80-244-3375-2
|q (brož.) :
|c neprodejné
|
| 035 |
|
|
|a (OCoLC)842343772
|
| 040 |
|
|
|a ABA001
|b cze
|d BOA001
|
| 041 |
0 |
|
|a cze
|b eng
|
| 043 |
|
|
|a e-xr---
|
| 072 |
|
7 |
|a 364-1/-7
|x Druhy sociální pomoci a služeb
|2 Konspekt
|9 18
|
| 080 |
|
|
|a 316.344.6-056.36
|2 MRF
|
| 080 |
|
|
|a 376:37.013.83
|2 MRF
|
| 080 |
|
|
|a 364
|2 MRF
|
| 080 |
|
|
|a 364-7
|2 MRF
|
| 080 |
|
|
|a 37.0-022.324
|2 MRF
|
| 080 |
|
|
|a (437.3)
|2 MRF
|
| 080 |
|
|
|a (048.8:082)
|2 MRF
|
| 100 |
1 |
|
|a Křížkovská, Petra
|7 ola2012693284
|4 aut
|
| 245 |
1 |
0 |
|a Inkluzivní přístupy k dospělým osobám s mentálním postižením v pozdní dospělosti /
|c Petra Křížkovská, Petra Tomalová a kolektiv
|
| 250 |
|
|
|a 1. vyd.
|
| 260 |
|
|
|a Olomouc :
|b Univerzita Palackého v Olomouci,
|c 2012
|
| 300 |
|
|
|a 128 s. :
|b il. ;
|c 21 cm
|
| 500 |
|
|
|a Nad názvem: Univerzita Palackého v Olomouci, Pedagogická fakulta, Ústav speciálněpedagogických studií
|
| 504 |
|
|
|a Obsahuje bibliografii
|
| 546 |
|
|
|a Anglické resumé
|
| 650 |
0 |
7 |
|a osoby s mentálním postižením
|7 ph115263
|2 czenas
|
| 650 |
0 |
7 |
|a speciální andragogika
|7 ph744273
|2 czenas
|
| 650 |
0 |
7 |
|a sociální zabezpečení
|7 ph116215
|z Česko
|2 czenas
|
| 650 |
0 |
7 |
|a sociální služby
|7 ph125812
|z Česko
|2 czenas
|
| 650 |
0 |
7 |
|a celoživotní vzdělávání
|7 ph119091
|z Česko
|2 czenas
|
| 650 |
0 |
9 |
|a people with mental disabilities
|2 eczenas
|
| 650 |
0 |
9 |
|a adult special education
|2 eczenas
|
| 650 |
0 |
9 |
|a social security
|z Czechia
|2 eczenas
|
| 650 |
0 |
9 |
|a social service
|z Czechia
|2 eczenas
|
| 650 |
0 |
9 |
|a permanent education
|z Czechia
|2 eczenas
|
| 655 |
|
7 |
|a kolektivní monografie
|7 fd501537
|2 czenas
|
| 655 |
|
9 |
|a collective monographs
|2 eczenas
|
| 700 |
1 |
|
|a Hájková, Petra,
|d 1986-
|7 mzk2013754911
|4 aut
|
| 710 |
2 |
|
|a Univerzita Palackého.
|b Ústav speciálněpedagogických studií
|7 mzk2010513295
|
| 910 |
2 |
|
|a BOA001
|b 2-1301.789
|
| 990 |
|
|
|a BK
|
| 995 |
|
|
|a 01
|
| 991 |
|
|
|b 201304
|c NOV
|e n
|
| 996 |
6 |
|
|b 2610544727
|c 2-1301.789
|l MZK
|r Sklad / do 1 hodiny
|n 12
|p p.v.
|w 001321970
|u 000010
|a 1
|e BOA001
|j MZK50
|s P
|